[Event "POL-chT 53rd"]
[Site "Krynica"]
[Date "1997.10.05"]
[Round "11"]
[White "Blehm, Pawel"]
[Black "Ivanov, Sergey"]
[Result "1/2-1/2"]
[WhiteElo "2420"]
[BlackElo "2515"]
[Annotator "Ivanov,Se"]
[PlyCount "62"]
[EventDate "1997.09.25"]
[EventType "team-tourn"]
[EventRounds "11"]
[EventCountry "POL"]
[SourceTitle "CBM 061 Extra"]
[Source "ChessBase"]
[SourceDate "1998.03.09"]
[SourceVersion "1"]
[SourceVersionDate "1998.03.09"]
[SourceQuality "1"]
[WhiteTeam "Bukowno Czarny Kon"]
[BlackTeam "Bielsko-Biala Wlokniarz"]
[WhiteTeamCountry "POL"]
[BlackTeamCountry "POL"]

1. e4 e6 2. d4 d5 3. Nd2 c5 4. exd5 Qxd5 5. Ngf3 (5. dxc5 Bxc5 6. Ngf3 Nf6 7.
Bd3 O-O 8. Qe2 Nbd7 9. b3 Ng4 $5 10. O-O Nde5 11. Be4 Nxf3+ 12. Nxf3 (12. Bxf3
Qe5) 12... Qh5 13. Bf4 (13. h3 Nf6 14. Bb2 Nxe4 15. Qxe4 f6 16. Rad1 {1/2:1/2
Svidler-Savchenko, Kazan 1995}) 13... Nf6 14. Rad1 Nxe4 (14... Qg4 15. Qc4 $5
$13) 15. Qxe4 f6 16. Bd6 Bxd6 17. Rxd6 e5 18. Rfd1 Qf7 19. Nd2 Be6 20. Nf1 Rac8
$11 {Rublevsky-Se.Ivanov, Russia(ch) 1997 (rapid)}) 5... cxd4 6. Bc4 Qd6 7. O-O
Nf6 8. Nb3 Nc6 9. Nbxd4 Nxd4 10. Nxd4 a6 11. Re1 Qc7 (11... Be7 12. c3 e5 13.
Nf3 Qxd1 14. Rxd1 e4 15. Ne5 O-O 16. Be3 Bf5 17. h3 (17. Bb3 $142 Rac8 18. Nc4
$14 {Beliavsky}) 17... Rac8 18. Bb3 Be6 19. Bxe6 fxe6 20. Nd7 Rfd8 $11 {
Rublevsky - Beliavsky, Polanica Zdroj, 1996}) 12. Bb3 Bd6 13. Nf5 Bxh2+ 14. Kh1
O-O 15. Nxg7 Rd8 16. Qf3 (16. Nh5 $5 Rxd1 17. Nxf6+ Kh8 18. Rxd1 Be5 19. Bg5
Qe7 (19... h6 $2 20. Rd3 $1) 20. Ne4 f6 $13) 16... Kxg7 17. Bh6+ Kg6 18. c3 (
18. Rad1 $5 $146 Rxd1 19. Rxd1 Bd7 (19... Be5 $142 20. Qe3 Ne4 $1 $13) 20. Rd4
Qe5 21. Be3 Bc6 $2 22. Rg4+ $1 Nxg4 23. Qxg4+ Kf6 24. Qh4+ Kg7 25. Bd4 $18 {
O.Korneev-Vakhidov, Ubeda (open) 1997}) 18... Nh5 $1 (18... Nd5 19. Rad1 $1 f5
20. Bc1 Bd6 (20... Be5 21. c4 $18) 21. Bxd5 exd5 22. Rxd5 $18 {Adams - Dreev,
Wijk aan Zee, 1996}) 19. Bc1 (19. Be3 {- Rublevsky - S.Ivanov, Elista, 1997}) (
19. Re4 Kxh6 20. Rh4 Qe5 $5) 19... f5 (19... Bf4 20. g4 Ng3+ 21. fxg3 Bxc1 22.
Raxc1 b6 $146 (22... Bd7 23. Qe3 Bc6+ 24. Kh2 Qe7 (24... h6 25. Bc2+ $140 Kg7
26. g5 h5 $132 {Wolna}) 25. Rf1 $40 {Supper - Wolna, corr., 1996/97}) 23. Bc2+
Kg7 24. Be4 Rb8 25. Rf1 Qe7 $11 {Bowden-Levitt, England 1997}) 20. g4 (20. Bxe6
Ng7 $1 21. Bxc8 (21. Bb3 Bd6 (21... Be5 $2 22. Qe3 $1 $16) 22. g4 (22. Qe3 f4)
(22. Qh3 Bf4 $17) 22... f4 23. Qe4+ Kf6 $13) 21... Raxc8 22. g3 Bxg3 23. fxg3
Qc6 $11) 20... Bd7 $1 $146 (20... b5 21. gxh5+ Kf6 (21... Kg7 22. Qg2+ Kf7 23.
Qh3 $1 {Adams - McDonald, England, 1997} Kf6 $140 24. Bh6 Bb7+ 25. f3 Re8 26.
Qxh2 $1 Bxf3+ 27. Kg1 Rg8+ 28. Kf1 Qxh2 29. Rxe6+ Kf7 30. Re2+ $18 {Adams}) 22.
Qh3 $2 (22. Qe3 $1 $18) (22. Qxa8 Bb7+ 23. Qxb7 Qxb7+ 24. Kxh2 $16) 22... Rg8
23. Qe3 Qd6 24. Qh6+ Kf7 25. Qxh7+ Kf6 {1/2:1/2 Lukin-Kashtanov, St.Petersburg
1997}) (20... Ng7 21. gxf5+ Nxf5 22. Qg4+ $18) (20... Kg7 21. gxf5 $5 $36) (
20... Nf6 21. Bxe6 (21. gxf5+ exf5 22. Qg2+ Ng4 23. f3 Qg3) 21... Kg7 $5 (21...
Bxe6 22. Rxe6 Kg7 (22... Kf7 23. Bg5 $1 $16) 23. Bg5 (23. Qxf5 Rd1+ 24. Kg2
Rg1+ 25. Kf3 Nxg4 $13) 23... Rf8 24. Qxf5 $5 (24. Bxf6+ Rxf6 25. Rxf6 Kxf6 26.
Qxf5+ Kg7 27. Rd1 Bd6 28. Qg5+ Kf7 29. Qd5+ (29. Qf5+ $11) 29... Ke7 30. Re1+
Kf8 $13) 24... Ng8 25. Qe4 $40 {(with the idea Qd4)}) 22. Qxf5 (22. Bh6+ $5) (
22. Bg5 $5) 22... Rf8 23. Bh6+ $1 Kxh6 24. g5+ Kg7 25. gxf6+ Kh8 $1 26. Rad1
$44 {Svidler}) 21. gxh5+ (21. gxf5+ exf5 22. Bf7+ (22. Qg2+ Bg3 {with the idea
Bc6}) (22. Re7 Bc6 $1 23. Bf7+ Kf6 24. Rxc7 Bxc7 25. Bxh5 Bxf3+ 26. Bxf3 $17)
22... Kg7 $5 (22... Kxf7 23. Qxh5+ Kg8 24. Qg5+ Kh8 25. Qf6+ $11) 23. Bh6+ Kh8
(23... Kxh6 $2 24. Qxh5+ Kg7 25. Qg5+ $18) 24. Qxh5 Bc6+ 25. f3 Qg3 26. Rf1 Rg8
$1 $19) (21. Bxe6 Bc6 22. Bxf5+ Kg7 23. Be4 Rf8 24. Qg2 (24. Qh3 Bxe4+ 25. Rxe4
Qc6 $19) 24... Bxe4 25. Rxe4 (25. Qxe4 Rae8 $1 $19) 25... Nf6 26. Re6 Bf4 $17)
(21. Qg2 Bf4 $5 22. gxh5+ Kf6 $36) 21... Kg7 (21... Kf6 $2 22. Qe3 $18) 22.
Qg2+ Kh8 $1 (22... Kf7 23. Qh3 Kf6 24. Bh6 Rg8 25. Rad1 $36 {XKf6}) 23. Bg5 (
23. Qxh2 $4 Bc6+ 24. Kg1 Rg8+ $19) 23... Be5 (23... Bc6 $4 24. Bf6+ $18) (23...
Rf8 $2 24. Qxh2 Bc6+ 25. Kg1 Qg7 26. Qg3 Rg8 27. Bf4 Qf6 28. Be5 $18) 24. Bxd8
Qxd8 $1 (24... Rxd8 $5 25. Rg1 $8 Bc6 26. f3 Qe7 27. Qh3 Rd3 $44) 25. Rxe5 (25.
Qh3 $2 Bc6+ 26. f3 Bxf3+ $1 27. Qxf3 Qh4+ 28. Kg1 Rg8+ 29. Kf1 Qh2 30. Qf2 Qh3+
31. Ke2 Rg2 $19) 25... Bc6 26. Bd5 $8 (26. f3 Qh4+ 27. Kg1 Rg8 28. Qxg8+ Kxg8
29. Rxe6 Kf8 $17) 26... Qh4+ (26... exd5 $6 27. Qg3 d4+ 28. Kh2 $16) 27. Qh2 (
27. Kg1 $6 Bxd5 28. Rxd5 Rg8 $15) 27... Bxd5+ 28. Rxd5 Qe4+ 29. Qg2 Qh4+ (29...
exd5 30. Qxe4 fxe4 (30... dxe4 31. Rd1 $36 {with the idea Rd7}) 31. Rd1 Rf8 (
31... Rd8 32. Rd4 {with the idea c4}) 32. Rxd5 Rxf2 33. h6 $5 $14) 30. Qh2 Qe4+
31. Qg2 Qh4+ 1/2-1/2

[Event "EU-chT (Men) 18th"]
[Site "Porto Carras"]
[Date "2011.11.05"]
[Round "3.3"]
[White "Jones, Gawain C B"]
[Black "Akopian, Vladimir Eduardovic"]
[Result "1-0"]
[WhiteElo "2635"]
[BlackElo "2681"]
[Annotator "Jones,G"]
[PlyCount "87"]
[EventDate "2011.11.03"]
[EventType "team-swiss"]
[EventRounds "9"]
[EventCountry "GRE"]
[SourceTitle "CBM 146"]
[Source "ChessBase"]
[SourceDate "2012.01.18"]
[SourceVersion "1"]
[SourceVersionDate "2012.01.18"]
[SourceQuality "1"]
[WhiteTeam "England"]
[BlackTeam "Armenia"]
[WhiteTeamCountry "ENG"]
[BlackTeamCountry "ARM"]

{This game was played in the third round of the European Team Championships.
This year had a rather curious pairing system in place and so our prize for
losing to Greece in round two was the chess powerhouse Armenia! In fact during
the tournament we managed to play: Armenia, Israel, Czech Republic, Poland and
Ukraine all on 50%!} 1. e4 e6 2. d4 d5 3. Nd2 c5 {I wasn't expecting the
French but luckily had done some work before the tournament and decided to try
out a new line.} 4. Ngf3 cxd4 5. Nxd4 ({I'd only played the mainline} 5. exd5 {
in the past.}) 5... Nf6 6. exd5 Qxd5 7. Nb5 Na6 8. Nc3 (8. c4 {is more common
but I couldn't find any way towards an advantage there.}) 8... Qd8 9. a3 $5 {
Every time I look at this variation I find it faintly ridiculous. After eight
moves White has developed just his knights, while the knight on d2 is
misplaced and will need to move again. However, Black too has just developed
his knights and the one on a6 is in a worse position than its corresponding
knight on d2. I think 9.a3 is a clever idea as both knight and bishop would
have liked to occupy b4.} Be7 10. Qf3 $5 {White's strategy is to play against
the c8-bishop and try to keep Black passively placed.} (10. Bc4 {has been the
main battleground in this line.}) 10... Nc5 {A natural move that I had
overlooked in my analysis and I was now on my own.} ({The computer suggests
sacrificing a pawn with} 10... Bd7 {when White can get away with grabbing the
pawn on b7 or playing more slowly.} 11. Qxb7 (11. Nc4 Bc6 12. Qg3 O-O 13. Bh6
Nh5 14. Qg4 {would still leave Black needing to play accurately to equalise.})
11... Nc5 12. Qf3 Rc8 13. Bb5 Bxb5 14. Nxb5 Qd7 15. Nc3 {and it wasn't
entirely obvious to me that Black had sufficient play for the pawn.}) (10...
Nb8 $5 {was played in another recent GM encounter but feels a bit slow.} 11.
Nc4 Nc6 12. Bf4 O-O 13. Rd1 Bd7 14. Bd3 {and Black was very passively placed.
He tried a pawn sacrifice} b5 $5 {which really should have been taken} 15. Nxb5
$1 (15. Ne5 Nxe5 16. Bxe5 Qa5 17. O-O b4 18. Bxf6 Bxf6 19. Qe4 (19. axb4 $1 {
was a stiffer test} Qc7 (19... Qxb4 20. Bxh7+ Kxh7 21. Rxd7 Qxb2 22. Ne4 $16)
20. Bxh7+ Kxh7 21. Qd3+ Kg8 22. Qxd7 Rfc8 {and Black has some play and can
hope to hold the draw}) 19... g6 20. axb4 Qc7 21. Qc4 Rfc8 {1/2-1/2 Dzhumaev,M
(2485)-Gupta,A (2640) Visakhapatnam 2011.})) 11. b4 $5 {A double-edged
decision. On the one hand White gains space and forces the knight to move
again, and of course the main strategy of preventing Black activating his
light squared bishop. However on the other hand I now have to be careful not
to allow Black strong counterplay with an ...a5 break.} (11. Bb5+ Bd7 12. Bxd7+
Qxd7 13. b4 {would also have been a little better for White but then at least
Black would have got rid of his problematic bishop.}) 11... Ncd7 12. Nc4 O-O
13. Bb2 ({During the game I was debating the merits of this and} 13. Bf4 {
but decided against the latter as I didn't want to face} e5 $1 (13... a5 $5 {
is also possible here.}) {when White does better in declining the pawn} 14. Be3
Nb6 15. Rd1 {when Black has good chances after both} Qc7 ({and} 15... Qe8 $5))
13... a5 $5 {After a long think Akopian comes up with this surprising
sacrifice, evidently a sign he didn't like his position if he continued
normally.} ({I was expecting something like} 13... a6 14. Bd3 Qc7 {preparing ..
.b7-b6 when I had planned} 15. Qg3 Qxg3 (15... Qc6 16. O-O b6 17. Be2 Bb7 18.
Rad1 $14) 16. hxg3 h6 (16... b5 17. Na5 Ne5 18. Be2 $14 {favours White as the
knight is useful on a5.}) 17. O-O $5 {when White has the slightly easier
position but Black is very solidly placed too.}) 14. Nxa5 Rxa5 {The logical
continuation of the previous move.} ({However, had he wanted to also play with
...Ne5 then it's more accurate to play it now as I have fewer squares
available to my queen.} 14... Ne5 15. Qe2 (15. Qf4 $6 {is no longer any good as
} Qc7 16. g3 b6 ({and} 16... Rxa5 $5 {both give Black good play.})) (15. Qg3 {
is possible however but the queen will be forced to move again after} Rxa5 16.
bxa5 Qxa5 17. Bb5 Bd6 18. Qh4 {when perhaps White is doing well but Black has
a lot of play for the exchange.}) (15. Qh3 {would not really make sense either
as Black hasn't yet given up the rook and so} Nd5 {gives him a reasonable
position.}) 15... Rxa5 (15... Ng6 16. g3 Nd5 17. O-O-O $1 $14 ({and not} 17.
Bg2 {allowing} Bf6 $11)) 16. bxa5 Qxa5 17. Qb5 Qc7 18. Be2 Bd7 19. Qb3 Neg4 $44
{and again Black has strong pressure for the exchange while my king is still
stuck in the centre.}) 15. bxa5 Ne5 16. Qf4 {Now, however, this square is
available and relatively safe.} ({With hindsight I think I would have plumped
for} 16. Qh3 {as then White would find it easier to complete his development.
A sample line could continue} Qxa5 17. Be2 Ne4 18. O-O Nd2 19. Rfd1 Nec4 20.
Ne4 $1 Nxe4 21. Bxc4 Qc5 22. Bd3 {White has mating threats of his own.} Qxf2+
23. Kh1 Qf5 24. Qxf5 exf5 25. Bd4 $14 {and White has managed to get the queens
off and still has a material advantage.}) 16... Qxa5 17. Qa4 (17. Be2 {might
have been a safer course but Black still has good compensation following} Ng6
18. Qc4 Bd7 19. O-O Bc6 $14 {but of course White should be a little better.})
17... Qb6 18. Nb5 {I had various ideas of playing Bd4 to block the queen out
of the game but then I cede control of e4 allowing Black dangerous threats.} (
18. Qb3 {was better but Black still has decent play} Qc6 19. Rd1 Bd7 20. Qa4 (
20. Ne2 Nc4 $44) 20... Qxa4 21. Nxa4 Bxa4 22. Bxe5 Bxc2 23. Rd2 Rc8 24. Bd3 Ba4
25. Bb2 $14 {and White has a small material advantage but Black is active and
solid so winning will be very difficult.}) 18... Neg4 {The wrong knight.} ({
Instead} 18... Nfg4 $1 19. Bd4 Qc6 {would have been given Black great play.}
20. O-O-O (20. f3 $2 Nxf3+ 21. gxf3 Qxf3 $19 {is far too dangerous.}) 20... Qe4
{and Black's pieces are starting to swarm in the centre of the board. The
immediate threat is ...Ng4xf2 and I would have done well to quell his
initiative.}) 19. Bd4 Qc6 20. Nc3 Qc7 21. Qc4 Qa5 22. Qa4 {Starting to get
short on time I decided to repeat once before trying to find a way to make
progress.} Bd8 $6 {Akopian starts to get too ambitious and misses my reply.} (
22... Qc7 {was of course better. I had been analysing} 23. h3 {two moves
before hand but hadn't come to a conclusion on the assessment following} (23.
Qc4 Qa5 24. Qb5 Qc7 25. Qb6 Qf4 26. Be2 $14 {is the computer's recommendation
when at least I've managed to develop my bishop and coordinated somewhat.})
23... Nxf2 $5 ({The sounder option looks to be} 23... e5 24. Nb5 Qc6 25. Ba7
Nh6 26. Qc4 Qa6 $13 {when yet another odd looking position is reached where
White's pieces are very misplaced.}) 24. Kxf2 {when both} Bc5 ({and} 24... Rd8
{looked very scary short on time.})) 23. Qb4 $1 {Taking some dark squares and
defending against the threat of ...e6-e5 as my knight is no longer attacked.}
Qg5 24. Bb5 {Developing my bishop and preventing ...Bd8-a5.} (24. h4 {felt
like a long term concession but was probably more accurate}) 24... b6 25. Bc6 {
I calculated the game continuation when I played this move and thought that
that should give me some small chances.} ({It's still too early to castle} 25.
O-O $2 Qf4 26. g3 Qh6 27. h4 e5 {when I would be forced to part with my dark
squared bishop with a pretty horrible position.}) (25. h4 Qf4 26. Ne2 Qb8 27.
f3 Nh6 28. g4 {is the computer's very dynamic way of playing but this wasn't
the safe path I was looking for!}) 25... Ba6 26. Qa4 {Perhaps an error but
it's understandable to want to exchange off some pieces here.} e5 27. Qxa6 exd4
28. Qb5 Qf4 29. Nd1 d3 $6 {Time trouble starts to rear its ugly head.} ({
Of course I looked at} 29... Nxh2 {but it felt strange and after} 30. g3 {
hoped White had a small something.}) (29... Qd6 $5 {is an interesting computer
suggestion but here too White should be a bit better following} 30. g3 {
so that I can castle.} d3 31. O-O $1) 30. cxd3 Bc7 31. g3 Qh6 32. Ra2 $1 {
A move I was proud of during the game. The rook comes to the king's assistance
along the second rank and can block any checks on the e file.} Ne5 33. d4 Neg4
34. h3 Nxf2 35. Nxf2 Bxg3 36. O-O $1 {Quite a pretty move. Castling gives my
king a bit more cover and is the correct move, I think this is the first time
I've been pleased with castling into the attack!} Qe3 37. Kg2 Bb8 38. Qd3 Qe6
39. Rc2 Nh5 40. Ng4 {Reaching the time control.} ({There was still time to go
wrong and my initial thought of} 40. Qf3 $4 {would have allowed Akopian to
turn the tables with} Qg6+ {picking up my stray rook.}) 40... Nf4+ 41. Rxf4
Bxf4 {Now I had some breathing space and could calmly consider how best to
convert my extra piece. I think my plan of targeting f7 is the easiest.} 42.
Qf3 Bb8 43. Bd5 Qe7 44. Re2 {Akopian resigned as he will be forced to give up
the bishop next move after 45.Ne5. A highly complex game and my opponent
should be praised for his very interesting exchange sacrifice. Thanks to my
win we managed to draw the match 2-2.} 1-0

[Event "Munich SKA"]
[Site "Munich"]
[Date "1992.??.??"]
[Round "3"]
[White "Christiansen, Larry Mark"]
[Black "Jussupow, Artur"]
[Result "1/2-1/2"]
[WhiteElo "2595"]
[BlackElo "2655"]
[Annotator "Jussupow,A"]
[PlyCount "128"]
[EventDate "1992.05.??"]
[EventType "tourn"]
[EventRounds "11"]
[EventCountry "GER"]
[EventCategory "14"]
[SourceTitle "CBM 030"]
[Source "ChessBase"]
[SourceDate "1992.10.01"]
[SourceVersion "1"]
[SourceVersionDate "1992.10.01"]
[SourceQuality "1"]

1. e4 e6 2. d4 d5 3. Nd2 c5 4. Ngf3 Nc6 5. Bb5 cxd4 6. Nxd4 Bd7 7. Bxc6 (7.
Nxc6 Bxc6 8. Bxc6+ bxc6 9. c4 Bc5 $5 10. cxd5 cxd5 11. exd5 Qxd5 12. Qa4+ Qd7
13. Qxd7+ Kxd7 14. Ne4 Bb6 15. Bf4 Ne7 16. O-O-O+ Nd5 17. Nc3 Kc6 18. Nxd5 {
1/2-1/2 Glek,I-Yusupov,A Bundesliga 1991}) 7... bxc6 (7... Bxc6 8. Nxc6 bxc6
$10) 8. O-O (8. c4 Bd6 $10) 8... Bd6 9. Qe2 Qb8 $5 (9... Ne7 10. e5 Bc7 11.
N2b3 (11. b4 $2 Qb8) 11... Ng6 $132) 10. N4f3 $10 Ne7 11. e5 Bc7 12. b3 $2 (12.
Nb3 Qb5 $10) 12... Ng6 13. Re1 f6 $1 $15 14. Bb2 O-O 15. c4 Bb6 (15... Rf7 16.
Rac1 Bb6 $15) 16. Rac1 Qe8 (16... Nf4 17. Qf1 Qe8 18. c5 Bc7 19. g3 $13 Qg6
$140 20. Re3) (16... fxe5 17. c5 e4 18. cxb6 exf3 19. Nxf3 $44) (16... Rf7 $5 {
/\Qf8}) 17. c5 Bc7 18. Nf1 (18. Qe3 Qf7 19. Re2 {/\h4-h5} Rab8 {/\Rb4,Nf4} 20.
a3 Bc8 $5 {/\Ba6}) 18... Qf7 19. Qd2 $1 a5 $1 20. Bd4 $1 (20. a3 Rab8 21. b4
axb4 22. axb4 fxe5 23. Nxe5 Nxe5 24. Bxe5 Bxe5 25. Rxe5 Rxb4 $17) 20... Rab8
21. Rc3 Rb4 22. Rce3 Rxd4 $1 23. Qxd4 fxe5 24. Rxe5 Nxe5 25. Nxe5 Bxe5 (25...
Qf6 $6 26. Nd2) 26. Rxe5 Qf4 27. Qb2 $2 (27. Qe3 $1 Qxe3 28. Rxe3 (28. Nxe3 $2
Rb8 $17 {><c5}) 28... Rb8 (28... Rf4 29. Nd2 Rd4 30. Nf3 Rd1+ 31. Re1 Rxe1+ 32.
Nxe1 Kf7 33. f4 Kf6 $132) 29. Nd2 Rb5 30. Rc3 Kf7 (30... a4 31. Nf3 axb3 32.
axb3 Kf8 (32... Kf7 33. Ne5+ Ke7 34. f4 $14) 33. Ne5 Be8 34. f4 $14) (30... e5
31. Nf3 d4 (31... e4 32. Ne5 $1 (32. Nd4 $2 Rb4 33. Nc2 d4 34. Nxb4 dxc3 35.
Nc2 Bg4 36. Ne3 Bd1 $19) 32... Be8 33. f3 d4 34. Rc4 d3 35. Rxe4 Rxc5 (35... d2
36. Rd4 Rxc5 37. Nc4 $16) 36. Nxd3 $16) 32. Rc1 d3 33. Nd2 $16) 31. f4 (31. Nf3
Kf6 32. Nd4 Rb4 $17) 31... Rb4 32. g3 g5 33. fxg5 e5 34. Nf3 Ke6 $44) 27... Qb4
28. Qc1 (28. Qc2 Qd4 29. Re2 e5 $17) 28... Qd4 29. Qe3 Qa1 $1 30. Qe2 (30. Rxe6
Bxe6 31. Qxe6+ Kh8 32. Qxc6 Qd4 33. Ne3 Qd2 $19) 30... Bc8 $1 $17 31. Rg5 (31.
Re3 Qc1 $1 $17 (31... d4 $2 32. Re4 e5 $6 33. Qc4+ Kh8 34. Rxe5 d3 35. Qf7 $1
$18)) 31... Ba6 $1 32. Qxa6 Qf6 33. Qe2 (33. Rxg7+ Kxg7 34. Qe2 e5 35. Ng3 Kh8
$19) (33. h4 $2 Qxf2+ 34. Kh2 Qxh4+ $19) 33... Qxg5 34. Qxe6+ Kh8 35. g3 $2 (
35. Qxc6 $142 Qf4 (35... Qf5 36. f3 Rc8 37. Qd6 d4 38. Qxd4 Qxc5 39. Qxc5 Rxc5
40. Ne3 $15) 36. f3 Qd4+ 37. Kh1 Qd3 (37... Qf2 38. Qb5) 38. Kg1 h5 $17) 35...
Qf5 (35... Qf6 $1 36. Qxf6 Rxf6 37. Nd2 Re6 38. Kf1 Kg8 39. h4 h6 40. Nf3 Re4
41. Nd2 Rb4 $19) 36. Qe3 (36. Qxf5 Rxf5 37. Nd2 Kg8 38. Kf1 Re5 $19) 36... Rd8
(36... Qf6 $1 $19) 37. Nd2 d4 38. Qe7 Rf8 (38... Qd5 39. Ne4 $132 {/\Nd6}) 39.
f4 $1 (39. Ne4 Qf3 $19) 39... h6 $6 (39... Kg8 $1 40. Nf3 $140 Qb1+ $19) 40.
Nf3 Qb1+ 41. Kg2 Qc2+ (41... Qxa2+ 42. Kh3 Rg8 43. Nxd4 $36) 42. Kh3 Qf5+ 43.
Kg2 d3 44. Kf2 Rf7 (44... Kg8 45. Ke3 $1 $13) (44... Rf6 $5 45. Qe5 d2 (45...
Qd7 46. Qd4) 46. Qxf5 d1=N+ 47. Ke1 Rxf5 48. Kxd1 Rxc5 $17) 45. Qe5 $1 (45.
Qe8+ Kh7 46. Qe5 Qd7 47. Qd6 Qxd6 48. cxd6 Rd7 $19) 45... Qd7 $6 (45... d2 46.
Qxf5 d1=N+ (46... Rxf5 47. Nxd2 Rxc5 48. Ke3 $17) 47. Ke1 Rxf5 48. Kxd1 Rxc5
$17) 46. Qd6 $1 Qxd6 47. cxd6 Rd7 48. Ne5 d2 49. Ke2 d1=Q+ 50. Kxd1 Rxd6+ 51.
Ke2 (51. Kc2 Kg8 52. h4 $15) 51... Kg8 52. a4 (52. h4 $5) 52... g5 53. Ke3 Kg7
54. Nc4 $6 (54. Ke4 $142) 54... Rd5 55. Ne5 gxf4+ 56. Kxf4 Rd4+ $2 (56... Rc5
57. Nc4 Kf6 $17) 57. Kf5 Rb4 58. Nxc6 Rxb3 59. Nxa5 Rb4 60. Nc6 Rxa4 61. Ne5
Ra5 62. g4 Ra3 63. h4 Rh3 64. h5 Rg3 1/2-1/2